ბათუმის შოთა რუსთაველის სახელმწიფო უნივერსიტეტის ბიბლიოთეკა

საერთაშორისო ქართველოლოგიური კონგრესი / (ბიბ.ჩანაწერი № 62605)

000 -ლიდერი
ფიქსირებული სიგრძის საკონტროლო ველი 01298nam a22002297a 4500
003 - საკონტროლო ნომრის იდენტიფიკატორი
საკონტროლო ველი Ge_BSU
005 - ბოლო ოპერაციის თარიღი და დრო
საკონტროლო ველი 20241216170754.0
008 - ფიქსირებული სიგრძის მონაცემთა ელემენტები - ზოგადი ინფორმაცია
ფიქსირებული სიგრძის საკონტროლო ველი 241216s2024 ge ||||| |||| 00| 0 geo d
041 ## - ენის კოდი
Language code of text/sound track or separate title geo
080 ## - უნივერსალური ათობითი კლასიფიკაციის ინდექსი
Universal Decimal Classification number 94(479.22)(063) : 811.353.1(063) :821.353.1(063) : 27 ს-16
245 ## - ცნობა სათაურის შესახებ
Title საერთაშორისო ქართველოლოგიური კონგრესი /
Remainder of title მასალები IV.
Statement of responsibility, etc საქართველოს მეცნიერებათა ეროვნულ აკადემია.
264 ## - წარმოების, გამოცემის, დისტრიბუციის და სხვა ცნობები
გამოცემის, წარმოების, დისტრიბუციის... ადგილი თბილისი,
გამოცემის, წარმოების, დისტრიბუციის... თარიღი 2024.
300 ## - ფიზიკური აღწერა
Extent 254 გვ.;
Other physical details 25 სმ.
653 ## - INDEX TERM--UNCONTROLLED
Uncontrolled term ისტორია
653 ## - INDEX TERM--UNCONTROLLED
Uncontrolled term რელიგია
653 ## - INDEX TERM--UNCONTROLLED
Uncontrolled term ეთნოლოგია
653 ## - INDEX TERM--UNCONTROLLED
Uncontrolled term ისტორია და წყაროთმცოდნეობა
653 ## - INDEX TERM--UNCONTROLLED
Uncontrolled term ქართული და კავკასიური ენების სტრუქტურა და ისტორია
653 ## - INDEX TERM--UNCONTROLLED
Uncontrolled term ლიტერატურათმცოდნეობა და ლიტერატურის ისტორია
710 ## - ADDED ENTRY--CORPORATE NAME
Corporate name or jurisdiction name as entry element საქართველოს მეცნიერებათა ეროვნულ აკადემია
9 (RLIN) 23982
942 ## - ADDED ENTRY ELEMENTS (KOHA)
Source of classification or shelving scheme
Koha item type წიგნი

არაა ხელმისაწვდომი ეგზემპლარები.